One Piece - Membres de la Marine - Statistiques

Statistiques générales
  • Ce quiz a été pris 2 372 fois
    2 254 depuis la dernière actualisation
  • Le résultat moyen est 20 sur 82
Statistiques - réponses
Grade Personnage % Correct
Amiral commandant en chef Akainu (Sakazuki)
98%
Ex-Amiral Aokiji (Kuzan)
97%
Amiral Kizaru (Borsalino)
95%
Vice-Amiral - Instructeur Monkey D. Garp
95%
Inspecteur Général Sengoku
93%
Amiral Fujitora (Issho)
90%
Colonel Koby
88%
Vice-Amiral Smoker
86%
Lieutenant-Commandant Hermep
75%
Colonel Tashigi
73%
Ex-amiral commandant en chef Kong
61%
Contre-Amiral Hina
54%
Vice-Amiral Tsuru
54%
Vice-Amiral Momonga
50%
Ex-Colonel Morgan
50%
Amiral Ryokugyu
50%
Capitaine du SWORD X Drake
48%
Scientifique Vegapunk
46%
3ème Classe Fullbody
36%
Ex-scientifique Caesar Clown
35%
3ème Classe Jango
35%
Ex-Vice-Amiral Vergo
32%
Vice-Amiral Bastille
28%
Garde du corps Sentomaru
28%
Ex-Commandant Donquichotte Rossinante
25%
Ex-Vice-Amiral Haguar D. Sauro
25%
Colonel T-Bone
22%
Vice-Amiral Dalmatian
21%
Vice-Amiral Doberman
21%
Colonel Shû
21%
Vice-Amiral John Giant
19%
Colonel Nezumi
18%
Vice-Amiral Strawberry
18%
Vice-Amiral Onigumo
17%
Colonel Very Good
14%
Ex-marine au grade ? Belmer
12%
Vice-Amiral Lacroix
12%
Vice-Amiral Maynard
11%
Commodore Brannew
10%
Vice-Amiral Chaton (Tokikake)
10%
Vice-Amiral Momousagi (Gion)
10%
Grade ? Bogard
9%
Ex-Commodore Pudding Pudding
9%
Vice-Amiral Ronse
9%
Vice-Amiral Stainless
9%
Vice-Amiral Yamakaji
9%
Vice-Amiral Cancer
8%
Colonel Sharinguru
8%
Vice-Amiral Komir
7%
Vice-Amiral Mozambia
6%
Commandant Ripper
6%
Colonel Gorilla
5%
Serveuse Rika
5%
Contre-Amiral Catacombo
4%
Vice-Amiral Draw
4%
Contre-Amiral Kadar
4%
Lieutenant Junior Stalker
4%
Ex-marine au grade ? X Barrels
4%
Contre-Amiral Akehende
3%
Ex-Colonel Photographe Attach
3%
Grade ? Candré
3%
Commodore Daigin
3%
Officier Isuka
3%
1ère Classe Lines
3%
Officier Makko
3%
Sergent Mashikaku
3%
Lieutenant Junior Rokkaku
3%
Sergent Shine
3%
Contre-Amiral Sicily
3%
3ème Classe Ukkari
3%
Commodore Yarisugi
3%
Soldat du G-5 Bakezo
2%
Soldat du G-5 Bomba
2%
Docteur Fishbonen
2%
Soldat du G-5 Gal
2%
Soldat du G-5 Jero
2%
Cuisinier Koda
2%
Cuisinier Kyuji
2%
Vice-Amiral Nazu Ketagari
2%
Soldat du G-5 Pike
2%
Sergent Asahija
1%
Lieutenant Zotto
1%
Aucun quiz correspondant
Distribution des résultats
% des personnes avec chaque résultat
Percentile par nombre de réponses
Votre historique - résultats
Vous n’avez pas pris ce quiz depuis la dernière actualisation